Definovanie stability čistiarenských kalov pomocou rôznych technologických kritérií

Na minha lista:
Detalhes bibliográficos
Autor principal: Bučeková, Bibiána (Author)
Outros Autores: Bodík, Igor (Thesis advisor)
Formato: Manuscrito Livro
Idioma:eslovaco
Publicado em: 2022
Assuntos:
Acesso em linha:http://is.stuba.sk/zp/portal_zp.pl?podrobnosti=164207
Tags: Adicionar Tag
Sem tags, seja o primeiro a adicionar uma tag!

MARC

LEADER 00000ntm a22000003a 4500
001 stuzp87810
003 SK-STU
005 20220604210308.1
007 ta
008 150427s2015----xo-----f-mn---000-0-slo-d
040 |a STU  |b slo 
041 0 |a slo 
100 1 |a Bučeková, Bibiána  |u 046290  |4 aut  |U FCHPT Ústav chemického a environmentálneho inžinierstva  |T FCHPT Oddelenie environmentálneho inžinierstva  |X 111920  |U C6290  |Y 120  |7 111920 
242 0 1 |a Defining the stability of sewage sludge using various technological criteria  |y eng 
245 1 0 |a Definovanie stability čistiarenských kalov pomocou rôznych technologických kritérií 
260 |c 2022 
650 4 |a AT4  |2 slo 
650 4 |a farmaceutika  |2 slo 
650 4 |a stabilizovaný kal  |2 slo 
650 4 |a statická respirometria  |2 slo 
650 4 |a pharmaceuticals  |2 eng 
650 4 |a AT4  |2 eng 
650 4 |a stabilized sludge  |2 eng 
650 4 |a static respirometry  |2 eng 
700 1 |a Bodík, Igor  |u 046290  |k Z1  |4 ths  |U FCHPT Ústav chemického a environmentálneho inžinierstva  |T FCHPT Oddelenie environmentálneho inžinierstva  |X 3340  |U C6290  |Y 120  |7 A000003340 
856 4 |u http://is.stuba.sk/zp/portal_zp.pl?podrobnosti=164207